000 00721nam a2200229 4500
001 sa 68014433
003 DLC
005 20260227112631.0
008 700203s1968 ii c b 00110beng
010 _asa 68014433
025 _aPL480:I-E-11105
050 0 _aDS479.1.B29
_bB6
082 _a954.03/5/0924
_aB
100 1 0 _aBose, Sunil Kumar,
_d1915-
245 1 _aSurendranath Banerjea
_c[by] S. K. Bose.
260 0 _a[New Delhi]
_bPublications Division, Ministry of Information and Broadcasting, Govt. of India
_c[1968]
300 _a224 p.
_bport.
_c19 cm.
350 _a3.00
440 _aBuilders of modern India
504 _aBibliography: p. [215]-218.
600 1 0 _aBanerjea, Surendranath,
_cSir,
_d1848-1925.
999 _c85783
_d85783